| 000 | 01088cam a2200253 a 4500 | ||
|---|---|---|---|
| 999 |
_c330186 _d330186 |
||
| 001 | 17438759 | ||
| 003 | NUST | ||
| 005 | 20170613112205.0 | ||
| 008 | 120822s2013 flua b 001 0 eng | ||
| 010 | _a 2012021070 | ||
| 020 | _a9781439885062 (hardcover : alk. paper) | ||
| 040 |
_aDLC _cDLC _dDLC |
||
| 042 | _apcc | ||
| 050 | 0 | 0 |
_aQH541.15.M3 _bA24 2013 |
| 082 | 0 | 0 |
_a577 ACE _223 |
| 100 | 1 |
_aAcevedo, Miguel F. _92519 |
|
| 245 | 1 | 0 |
_aSimulation of ecological and environmental models / _cMiguel F. Acevedo. |
| 260 |
_aBoca Raton : _bCRC Press, Taylor & Francis Group, _c©2013. |
||
| 300 |
_axxi, 464 p. : _bill. ; _c27 cm. |
||
| 500 | _aH.B | ||
| 504 | _aIncludes bibliographical references and index. | ||
| 650 | 0 |
_aEcology _xMathematical models. _92520 |
|
| 650 | 0 |
_aEnvironmental sciences _xMathematical models. _92521 |
|
| 906 |
_a7 _bcbc _corignew _d1 _eecip _f20 _gy-gencatlg |
||
| 942 |
_2ddc _cBK _kIESE |
||